| 000 | 00642nam a2200181 i 4500 | ||
|---|---|---|---|
| 001 | 96698 | ||
| 003 | ES-MaACL | ||
| 005 | 20230906181948.0 | ||
| 007 | t| | ||
| 008 | 050630s1962 sp ||||1| cat d | ||
| 100 | 1 |
_aManent, Albert. _975972 |
|
| 245 | 1 | 0 |
_aToponimia de l'aleixar i del seu terme / _cper Albert Manent. |
| 260 |
_aTarragona : _bExcma. Diputación Provincial, _c1962. |
||
| 300 |
_a95 p. : _b1 map. pleg. ; _c25 cm. |
||
| 500 | _aPrecede al tít.: Instituto de Estudios Tarraconenses "Ramon Berenguer IV" | ||
| 710 | 2 |
_aInstituto de Estudios Tarraconenses "Ramón Berenguer IV" _94935 |
|
| 852 |
_aES-MaACL _jC-22434 _bR.51024 |
||
| 999 |
_c96698 _d96698 |
||